Rechtsstaatlicher Strafprozess und Bürgerrechte: Gedächtnisschrift für Edda Weßlau
In fast vierzig Beiträgen würdigen Kolleginnen und Kollegen aus Wissenschaft und Praxis die im April 2014 im Alter von nur 57 Jahren verstorbene Strafrechtswissenschaftlerin Edda Weßlau. Edda Weßlau war eine leidenschaftliche Prozessualistin und hat besonders die Debatte über verfahrensbeendende Abs...
| Beteiligte: | ; ; ; ; |
|---|---|
| Medienart: | Druck Buch |
| Sprache: | Deutsch |
| Subito Bestelldienst: | Jetzt bestellen. |
| Verfügbarkeit prüfen: | HBZ Gateway |
| WorldCat: | WorldCat |
| Fernleihe: | Fernleihe für die Fachinformationsdienste |
| Veröffentlicht: |
Berlin
Duncker & Humblot
[2016]
|
| In: |
Schriften zum Strafrecht (Band 297)
Jahr: 2016 |
| Schriftenreihe/Zeitschrift: | Schriften zum Strafrecht
Band 297 |
| normierte Schlagwort(-folgen): | B
Deutschland
/ Europäische Union
/ Strafverfahrensrecht
/ Strafrecht
B Weßlau, Edda 1956-2014 |
| weitere Schlagwörter: | B
Aufsatzsammlung
B Weßlau, Edda 1956-2014 B Festschrift B Bibliografie |
| Online-Zugang: |
Inhaltsverzeichnis |
| Parallele Ausgabe: | Elektronische Reproduktion: 9783428546039 |
MARC
| LEADER | 00000cam a2200000 c 4500 | ||
|---|---|---|---|
| 001 | 863475817 | ||
| 003 | DE-627 | ||
| 005 | 20251224202244.0 | ||
| 007 | tu | ||
| 008 | 160720s2016 gw ||||| b 00| ||ger c | ||
| 015 | |a 16,N29 |2 dnb | ||
| 016 | 7 | |a 1106122127 |2 DE-101 | |
| 020 | |a 3428146034 |c : Festeinband : EUR 199.90 (DE), EUR 205.60 (AT) |9 3-428-14603-4 | ||
| 020 | |a 9783428146031 |c : Festeinband : EUR 199.90 (DE), EUR 205.60 (AT) |9 978-3-428-14603-1 | ||
| 020 | |a 9783428846030 |c Print & E-Book |9 978-3-428-84603-0 | ||
| 024 | 3 | |a 9783428146031 | |
| 035 | |a (DE-627)863475817 | ||
| 035 | |a (DE-576)475485491 | ||
| 035 | |a (DE-599)DNB1106122127 | ||
| 035 | |a (OCoLC)953877551 | ||
| 035 | |a (OCoLC)953877551 | ||
| 040 | |a DE-627 |b ger |c DE-627 |e rda | ||
| 041 | |a ger | ||
| 044 | |c XA-DE-BE | ||
| 082 | 0 | |a 345.2405 |q DE-101 |2 22/ger | |
| 082 | 0 | |a 345.4305 |q DE-101 |2 22/ger | |
| 082 | 0 | 4 | |a 340 |q DE-101 |
| 084 | |a 2 |2 ssgn | ||
| 084 | |a PC 4630 |q BVB |2 rvk |0 (DE-625)rvk/135081: | ||
| 084 | |a PH 2220 |q BVB |2 rvk |0 (DE-625)rvk/135980: | ||
| 084 | |a 86.36 |2 bkl | ||
| 245 | 0 | 0 | |a Rechtsstaatlicher Strafprozess und Bürgerrechte |b Gedächtnisschrift für Edda Weßlau |c herausgegeben von Felix Herzog, Reinhold Schlothauer und Wolfgang Wohlers ; in Verbindung mit Jürgen Wolter |
| 246 | 3 | 0 | |a Festschrift Edda Weßlau |
| 263 | |a 201608 | ||
| 264 | 1 | |a Berlin |b Duncker & Humblot |c [2016] | |
| 264 | 4 | |c © 2016 | |
| 300 | |a 651 Seiten |b 1 Porträt |c 24 cm | ||
| 336 | |a Text |b txt |2 rdacontent | ||
| 337 | |a ohne Hilfsmittel zu benutzen |b n |2 rdamedia | ||
| 338 | |a Band |b nc |2 rdacarrier | ||
| 490 | 1 | |a Schriften zum Strafrecht |v Band 297 | |
| 500 | |a Schriftenverzeichnis von Edda Weßlau: Seite 643-647 | ||
| 520 | |a In fast vierzig Beiträgen würdigen Kolleginnen und Kollegen aus Wissenschaft und Praxis die im April 2014 im Alter von nur 57 Jahren verstorbene Strafrechtswissenschaftlerin Edda Weßlau. Edda Weßlau war eine leidenschaftliche Prozessualistin und hat besonders die Debatte über verfahrensbeendende Absprachen im Strafprozess mit ihrer Habilitationsschrift über "Das Konsensprinzip im Strafverfahren" (2002) nachhaltig geprägt. Es war ihr stets ein besonderes Anliegen, den Schutz von Bürgerrechten bei der Strafverfolgung zu sichern. Schon früh hat sie die Bedeutung des Datenschutzes bei der Ausgestaltung von polizeilicher Gefahrenabwehr und Strafverfolgung erkannt. Ihr besonderes Augenmerk galt dabei geheimdienstlichen Operationen und der (internationalen) Zusammenarbeit von Sicherheitsbehörden. Diese und weitere Interessengebiete der Verstorbenen greifen die Autorinnen und Autoren der Gedächtnisschrift auf (Verlagswerbung). | ||
| 601 | |a Rechtsstaat | ||
| 601 | |a Bürgerrecht | ||
| 655 | 7 | |a Festschrift |0 (DE-588)4016928-5 |0 (DE-627)104400986 |0 (DE-576)208917802 |2 gnd-content | |
| 655 | 7 | |a Aufsatzsammlung |0 (DE-588)4143413-4 |0 (DE-627)105605727 |0 (DE-576)209726091 |2 gnd-content | |
| 655 | 7 | |a Bibliografie |0 (DE-588)4006432-3 |0 (DE-627)104814519 |0 (DE-576)208865578 |2 gnd-content | |
| 689 | 0 | 0 | |d g |0 (DE-588)4011882-4 |0 (DE-627)104704861 |0 (DE-576)208896155 |2 gnd |a Deutschland |
| 689 | 0 | 1 | |d b |0 (DE-588)5098525-5 |0 (DE-627)132918269 |0 (DE-576)194702391 |2 gnd |a Europäische Union |
| 689 | 0 | 2 | |d s |0 (DE-588)4116635-8 |0 (DE-627)105805289 |0 (DE-576)209503211 |2 gnd |a Strafverfahrensrecht |
| 689 | 0 | 3 | |d s |0 (DE-588)4057795-8 |0 (DE-627)106149458 |0 (DE-576)209123737 |2 gnd |a Strafrecht |
| 689 | 0 | |5 DE-101 | |
| 689 | 1 | 0 | |d p |0 (DE-588)111587107 |0 (DE-627)502213299 |0 (DE-576)166022144 |2 gnd |a Weßlau, Edda |d 1956-2014 |
| 689 | 1 | |5 DE-101 | |
| 700 | 1 | |e HerausgeberIn |0 (DE-588)132230801 |0 (DE-627)519548086 |0 (DE-576)164773894 |4 edt |a Herzog, Felix |d 1959- | |
| 700 | 1 | |e HerausgeberIn |0 (DE-588)136200710 |0 (DE-627)577712632 |0 (DE-576)162922639 |4 edt |a Schlothauer, Reinhold |d 1948- | |
| 700 | 1 | |e HerausgeberIn |0 (DE-588)1032217057 |0 (DE-627)738056316 |0 (DE-576)171826949 |4 edt |a Wohlers, Wolfgang |d 1962- | |
| 700 | 1 | |e HerausgeberIn |0 (DE-588)1023807416 |0 (DE-627)718515765 |0 (DE-576)367471825 |4 edt |a Wolter, Jürgen |d 1943- | |
| 700 | 1 | |e GefeierteR |0 (DE-588)111587107 |0 (DE-627)502213299 |0 (DE-576)166022144 |4 hnr |a Weßlau, Edda |d 1956-2014 | |
| 776 | 1 | |z 9783428846030 |c : (Print & E-Book) | |
| 776 | 1 | |z 9783428546039 |c : (E-Book) | |
| 776 | 0 | 8 | |i Elektronische Reproduktion |z 9783428546039 |
| 830 | 0 | |a Schriften zum Strafrecht |v Band 297 |9 297 |w (DE-627)130441406 |w (DE-576)015953181 |w (DE-600)704008-8 |x 0558-9126 |7 am | |
| 856 | 4 | 2 | |u https://swbplus.bsz-bw.de/bsz475485491inh.htm |m B:DE-576;DE-Frei85 |q application/pdf |v 20161027135229 |x Verlag |3 Inhaltsverzeichnis |7 1 |
| 935 | |a mkri | ||
| 935 | |i Blocktest | ||
| 936 | r | v | |a PC 4630 |b Für Personen |k Rechtswissenschaft |k Allgemeines zum juristischen Studium und zur Rechtswissenschaft |k Festschriften, Sammelwerke |k Für Personen |0 (DE-627)127072195X |0 (DE-625)rvk/135081: |0 (DE-576)20072195X |
| 936 | r | v | |a PH 2220 |b Sammelwerke |k Rechtswissenschaft |k Strafrecht, Strafverfahrensrecht, Kriminologie |k Allgemeines und Geschichte |k Allgemeines |k Sammelwerke |0 (DE-627)1271675072 |0 (DE-625)rvk/135980: |0 (DE-576)201675072 |
| 936 | b | k | |a 86.36 |j Strafprozessrecht |0 (DE-627)106413570 |
| 951 | |a BO | ||
| ACO | |a 1 | ||
| CAN | |a 1 | ||
| ELC | |b 1 | ||
| ITA | |a 1 | ||
| LOK | |0 000 xxxxxcx a22 zn 4500 | ||
| LOK | |0 001 3236752017 | ||
| LOK | |0 003 DE-627 | ||
| LOK | |0 004 863475817 | ||
| LOK | |0 005 20160930102819 | ||
| LOK | |0 008 160920||||||||||||||||ger||||||| | ||
| LOK | |0 040 |a DE-21-24 |c DE-627 |d DE-21-24 | ||
| LOK | |0 852 |a DE-21-24 | ||
| LOK | |0 852 1 |c J,IVa,261 |m p |9 00 | ||
| LOK | |0 936ln |a J,IVa, | ||
| LOK | |0 938 |a 1909 |f J | ||
| LOK | |0 938 |k p | ||
| LOK | |0 939 |a 20-09-16 |b l01 | ||
| LOK | |0 000 xxxxxcx a22 zn 4500 | ||
| LOK | |0 001 3236752033 | ||
| LOK | |0 003 DE-627 | ||
| LOK | |0 004 863475817 | ||
| LOK | |0 005 20161213133759 | ||
| LOK | |0 008 161213||||||||||||||||ger||||||| | ||
| LOK | |0 040 |a DE-21-110 |c DE-627 |d DE-21-110 | ||
| LOK | |0 689 |a s |a Strafrecht | ||
| LOK | |0 689 |a s |a Strafverfahrensrecht | ||
| LOK | |0 689 |a s |a Rechtsstaat | ||
| LOK | |0 689 |a s |a Kriminalpolitik | ||
| LOK | |0 689 |a g |a Deutschland | ||
| LOK | |0 689 |a g |a Europa | ||
| LOK | |0 852 |z Kein Bestand am IfK; Nachweis für KrimDok | ||
| LOK | |0 852 |a DE-21-110 | ||
| LOK | |0 852 1 |m v |9 00 | ||
| LOK | |0 938 |k v | ||
| LOK | |0 939 |a 13-12-16 |b l01 | ||
| ORI | |a SA-MARC-ixtheob001.raw | ||
| REL | |a 1 | ||
| SPR | |a 1 |t CAN |t IXT | ||
| STA | 0 | 0 | |a Criminal law,Penal law,Criminal proceedings law,Criminal action law,Deutschland (boat, 1866-1875),Germany,Germany,Germany,Germany,German Federal Republic (motif),Germany,Germany,Germany,Germany,Germany,Germany,German Democratic Republic,Germany,Federal Republic of Germany,Germany,Germany,Germany,Soviet Occupation Zone,French Occupation Zone |
| STB | 0 | 0 | |a Code de procédure pénale,Deutschland (bateau, 1866-1875),Allemagne,Allemagne,République fédérale d'Allemagne (motif),Droit pénal |
| STC | 0 | 0 | |a Alemania,Alemania,Derecho penal,Derecho procesal penal |
| STD | 0 | 0 | |a Diritto penale,Diritto processuale penale,Germania,Germania |
| STE | 0 | 0 | |a 刑事诉讼法,刑法,刑律,德国,德国 |
| STF | 0 | 0 | |a 刑事訴訟法,刑法,刑律,德國,德國 |
| STG | 0 | 0 | |a Alemanha,Alemanha,Direito penal,Direito processual penal |
| STH | 0 | 0 | |a Германия (ГДР, мотив),Германия (мотив),Уголовно-процессуальное право,Уголовное право |
| STI | 0 | 0 | |a Γερμανία (ΛΔΓ, μοτίβο),Γερμανία (μοτίβο),Κώδικας ποινικής δικονομίας,,Ποινικό δίκαιο |
| SUB | |a CAN |a REL | ||
| SYG | 0 | 0 | |a DDR,Deutsche Demokratische Republik,Germany,Amerikanische Zone Deutschlands,BRD,Britische Zone Deutschlands,Bundesrepublik Deutschland,Französische Zone Deutschlands,Vereinigtes Wirtschaftsgebiet Deutschlands,BRD,Bundesrepublik Deutschland , Vereinigtes Wirtschaftsgebiet,Bizone,Verwaltung des Vereinigten Wirtschaftsgebietes,Französische Zone,Zone Française d'Occupation,Französische Besatzungszone,ZFO,Britische Zone,British occupation zone,Britische Besatzungszone,British Zone of Control,Britisches Kontrollgebiet,British Element,Britisches Element,Sowjetische Zone,Russische Zone,Sowjetische Besatzungszone,Russische Besatzungszone,Sowjetische Besatzungszone Deutschlands,Sowjetische Besatzungszone in Deutschland,Sowjetisch Besetzte Zone,Sowjetzone,Ostzone,SBZ,Länder,Westliche Bundesländer,Alte Bundesländer,Deutschland,Westdeutschland,Deutschland,Westzonen,Westliche Besatzungszonen,Trizone,Amerikanische Zone,American occupation zone,Amerikanische Besatzungszone,ABZ,United States Area of Control,Amerikanisches Kontrollgebiet,U.S. zone of occupation,United States Zone,U.S. Zone,US-Zone,Östliche Bundesländer,Neue Bundesländer,Länder,Deutschland,Ostdeutschland,Deutschland,Deutschland,Alemanha,Alemania,Allemagne,Almanija,Almāniyā,Bondsrepubliek Duitsland,BRD,BRD,Bundesrepublik Deutschland,Deutschland,Deutschland,Federal Republic of Germany,Förbundsrepubliken Tyskland,Förbundsrepublikken Tyskland,FRG,Germany,Németországi Szövetségi Kőztársaság,Niemiecka Republika Federalna Niemiecka Republika Federalna,NRF,Repubblica Federale di Germania,Republic of Germany,República Federal da Alemanha,República Federal de Alemania,Republik Federasi Djerman,Republika Federalna Niemiec,République Fédérale d'Allemagne,RFN,Saksan Liittotasavalta,Westdeutschland,Deutsche Demokratische Republik,DDR,Deutschland,German Democratic Republic,GDR,République Démocratique Allemande,RDA,Germanskaja Demokratičeskaja Respublika,Demokratičeskaja Respublika,Democratic Republic,Demokratische Republik,Niemiecka Republika Demokratyczna,NRD,Ǧumhūrīyat Almāniyā ad-Dīmuqrāṭīya,República Democrática Alemana,Saksan Demokraattisen Tasavallan,Repubblica Democratica Tedesca,Mitteldeutschland,Ostdeutschland,East Germany,Ostzone,Deutsche Länder,Germany,Heiliges Römisches Reich,Rheinbund,Deutscher Bund,Norddeutscher Bund,Deutsches Reich,Deutschland,Deutschland,BRD,Federal Republic of Germany,Republic of Germany,Allemagne,Ǧumhūrīyat Almāniyā al-Ittiḥādīya,Bundesrepublik Deutschland,BRD,Niemcy,République Fédérale d'Allemagne,Repubblica Federale di Germania,Germanija,Federativnaja Respublika Germanija,FRG,Deyizhi-Lianbang-Gongheguo , EU,European Union,Unión Europea,Union européenne,Europaeiske Union,Union Europea,Eurōpai͏̈ke Enōsē,Unione Europea,Europese Unie,União Europeia,Aontas Eorpach,Europska Unija,Unia Europejska,Europos Sa̜junga,ES,Eiropas Savienība,Unió Europea,Evropská Unie,Avrupa Birliği,Evropejskoe Soobščestvo,Európai Unió,Uniunea Europeană,EU,EM , Strafprozessrecht , Kriminalrecht,Peinliches Recht , Wesslau, Edda,1956-2014 |
| TIM | |a 100019901003_100020261231 |b 1990-10-03 - 2026 | ||



